000 00300cam a2200121ua 4500
082 _a821
_bBYR/SE
100 _aByron, .
_91922
245 _aSelected Poems of Byron /
260 _aLondon :
_bOxford University Press ,
_c1960.
300 _a436 ; .
490 0 _aThe World`s Classics,
942 _cBK
999 _c5859
_d5859